An english practice book /

Guardado en:
Autor Principal: Pit Corder, S.
Formato: Libro
Publicado: Harlow : Longman, 1960
Materias:
Etiquetas: Agregar Etiqueta
Sin Etiquetas, Sea el primero en etiquetar este registro!
LEADER 00446nam a22001695a 4500
001 CEM.cems005072
005 20060217000000.0
008 130507s1960##################000#0#####d
003 CEMS
082 0 4 |a 428.64 
100 1 |a Pit Corder, S. 
245 1 0 |a An english practice book / 
260 |a Harlow :  |b Longman,  |c 1960 
300 |a 257 p. 
653 |a Ingles 
653 |a Ingles-gramática 
859 |a CEMS  |b BIB. CEMS - 11 de abril  |h 428.64  |i P681  |p 11716.83  |t Ej.1